Geography Knowledge Test - Statistics

General Stats
  • This quiz has been taken 137 times
  • The average score is 11 of 15
Answer Stats
Hint Answer % Correct
1. Highest mt in the world Mt. Everest
98%
2. Location of ^ Nepal
97%
5. Largest Canyon Grand Canyon
93%
9. Longest River Nile River
93%
10. Largest River Amazon River
92%
11. Longest US River Mississippi River
88%
6. River that flows through ^ Colorado River
78%
15. Country completely engulfed in France Monaco
76%
3.Largest Lake Caspian Sea
69%
12. Largest US River Missouri River
68%
4. Deepest lake Lake Baikal
67%
14. Capital of Sudan Khartoum
59%
13. Tallest mt in Europe Mt. Elbrus
53%
7. Deepest Canyon in US Hell's Canyon
14%
8. River that flows thru ^ Snake River
13%
No matching quizzes found
Score Distribution
Percent of People with Each Score
Percentile by Number Answered
Your Score History
You have not taken this quiz